03244nam a2200301 a 4500001001000000003000900010005001700019007000300036008004100039020001800080020001800098040003000116082001400146100004500160245019100205264007200396300002800468336002700496337003300523338002800556490005200584490002600636500009700662500005700759505204300816700004702859700003602906000046833DO-SdBNP20240305082246.0ta180402s2015 dr r 000 0 spa d z9789945443622 z9789945582246 aDO-SdBNPbspacBNPHUerda 4bP438e2221 aPérez Memén, Fernando,d1943-eautor10aEnsayos sobre historia social, política y cultural de la República Dominicana y de México /cFernando Pérez Memén ; edición, José Alcántara Almánzar, Elvis Francis Soto aSanto Domingo :bBanco Central de la República Dominicana,c2015. a398 páginas ;c23 cm. 2rdacontentatextobtxt 2rdamediaasin mediaciónbn 2rdacarrieravolumenbnc aBanco Central de la República Dominicanav213 aCiencias socialesv36 aIncluye referencias bibliográficas y notas al pie de las páginas e índice onomástico aIncluye datos biográficos del autor en las solapas0 a1. Conquista y colonización. Iglesia, sociedad y política -- El indio y el negro en la visión de la Iglesia y el Estado -- El sermón de Montesinos en México -- La Santa Sede y Santo Domingo en el siglo XVI -- La política religiosa de Toussaint L'Overtoure en Santo Domingo -- La idea de la soberanía durante la España Boba -- II. Independencia y Restauración. Ideas políticas y sociales -- La Santa Sede ¿Primer Estado en reconocer la independencia dominicana? -- El proyecto de constitución de Duarte -- Pensamiento político y social de Hidalgo y de Duarte -- Sentido y valor de la Guerra de la Restauración -- Juárez, Duarte y Luperón y el liberalismo democrático -- III. Instituciones políticas y cultura -- Pedro Henríquez Ureña y la Revolución Mexicana -- La Rebelión de los Cristeros -- La influencia de Hostos en la educación dominicana -- Las relaciones entre las Iglesias y el Estado de la República Dominicana (1924-1966) -- Las hermanas Mirabal y el final de la Era de Trujillo -- El magisterio democrático de Juan Bosch -- Juan Bosch, dominicano universal -- Joaquín Balaguer: Orador parlamentario y académico -- IV. Examen de libros -- Vivas en su jardín, de Doña Dedé Mirabal -- La ciudad de La Vega en el meridiano histórico de la universalidad, de Josef Pérez Stefan -- De lo privado a lo público, del ingeniero Carlos Morales Troncoso -- Un momento I, de Monseñor Ramón Benito de la Rosa y Carpio -- República Dominicana. Identidad y herencias etnoculturales indígenas, de Jesús María Serna Moreno -- El incidente del trasatlántico Cuba. Una historia del exilio republicano español en la sociedad dominicana, 1938-1944, de Juan B. Alfonseca Giner de los Ríos -- Las relaciones del Estado Dominicano con la Santa Sede y la Iglesia Católica, de José Altagracia Hazim Azar -- Los carpinteros, de Joaquín Balaguer -- Las bases de la nación fuentes de virtudes ciudadanas, de Ito Bisonó -- José Núñez de Cáceres, un vínculo1 aAlcántara Almánzar, José,eedición1 aSoto, Elvis Francis,eedición